Normal view
MARC view
Entry Personal Name
001 - CONTROL NUMBER
- control field: 12719
003 - CONTROL NUMBER IDENTIFIER
- control field: BD-RjUL
005 - DATE AND TIME OF LATEST TRANSACTION
- control field: 20240425100833.0
008 - FIXED-LENGTH DATA ELEMENTS
- fixed length control field: 240425|| aca||aabn | a|a d
040 ## - CATALOGING SOURCE
- Original cataloging agency: BD-RjUL
- Transcribing agency: BD-RjUL
100 ## - HEADING--PERSONAL NAME
- Personal name: Malgonkar, Manohar,
- Dates associated with a name: 1913-2010
670 ## - SOURCE DATA FOUND
- Source citation: Work cat.: (BD-RjUL)83584: Malgonkar, Manohar, 1913-2010., The princes,, 1963.